00330pab a2200133 454500008004000000100001900040245005200059260000900111300001100120362001000131650001400141650002100155773002000176180718b2002 xxu||||| |||| 00| 0 eng d aJoseph, Thomas aHigher education: an investment for empowerment c2002 ap.1-4. a4 Nov aEducation aHigher education aUniversity News